000 00566nam a2200217Ia 4500
003 OSt
005 20220928144642.0
006 a|||||r|||| 00| 0
007 ta
008 220927b |||||||| |||| 00| 0 eng d
024 _a72649
037 _cTextual
040 _aSDCL
_cSDCL
_beng
041 _2eng
_aeng
082 _aV1y7N, L8 RR
100 _aCarpenter Clive
_9508844
245 0 _aGuinness book of kings, rulers and statesmen.
260 _c1978
942 _hV1y7N, L8 RR
_cTEXL
_2CC
999 _c828636
_d828636